Statistics for Countries With More Than One Official Language

Click here to take the quiz!

General Stats

  • This quiz has been taken 27 times
    (18 since last reset)
  • The average score is 77 of 110

Answer Stats

Answer% Correct
Canada
94%
India
94%
Switzerland
94%
Finland
89%
Indonesia
89%
South Africa
89%
Angola
83%
Belgium
83%
Bolivia
83%
Congo
83%
Egypt
83%
Guinea
83%
Guinea-Bissau
83%
Luxembourg
83%
Niger
83%
Nigeria
83%
Pakistan
83%
Togo
83%
Afghanistan
78%
Bangladesh
78%
Benin
78%
Botswana
78%
Central African Republic
78%
Equatorial Guinea
78%
Gambia
78%
Israel
78%
Ivory Coast
78%
Kenya
78%
Liberia
78%
Malaysia
78%
Mali
78%
Morocco
78%
Mozambique
78%
Namibia
78%
New Zealand
78%
Paraguay
78%
Peru
78%
Somalia
78%
South Sudan
78%
Sudan
78%
Uganda
78%
Algeria
72%
Argentina
72%
Burundi
72%
Cameroon
72%
Chad
72%
Chile
72%
Djibouti
72%
Ecuador
72%
Eritrea
72%
Guatemala
72%
Guyana
72%
Iran
72%
Kazakhstan
72%
Laos
72%
Lebanon
72%
Rwanda
72%
Senegal
72%
Seychelles
72%
Singapore
72%
Tunisia
72%
Uruguay
72%
Zimbabwe
72%
Belarus
67%
Brazil
67%
Burkina Faso
67%
Cambodia
67%
Comoros
67%
Haiti
67%
Iraq
67%
Kyrgyzstan
67%
Lesotho
67%
Madagascar
67%
Malawi
67%
Malta
67%
Mauritania
67%
Nepal
67%
Nicaragua
67%
Philippines
67%
Sierra Leone
67%
Sri Lanka
67%
Suriname
67%
Tanzania
67%
Thailand
67%
Uzbekistan
67%
Vietnam
67%
Belize
61%
Fiji
61%
Honduras
61%
Jamaica
61%
Libya
61%
Tajikistan
61%
Venezuela
61%
Brunei
56%
Colombia
56%
East Timor
56%
Panama
56%
Syria
56%
Bahrain
50%
Kosovo
50%
Qatar
50%
Taiwan
50%
Trinidad and Tobago
50%
Mongolia
44%
Saint Lucia
44%
United Arab Emirates
44%
Democratic Republic Of Congo
0%
Papau New Guinea
0%

Score Distribution

Percentile by Number Answered

Percent of People with Each Score

Your Score History

You have not taken this quiz since the last reset